| 000 | 00853cam a22002291 4500 | ||
|---|---|---|---|
| 001 | sa 67004003 | ||
| 003 | DLC | ||
| 005 | 20260227112343.0 | ||
| 008 | 780803s1951 ii f000 0 eng | ||
| 010 | _asa 67004003 | ||
| 035 | _a(OCoLC)4108318 | ||
| 040 |
_aDLC _cMnU _dDLC |
||
| 042 | _apremarc | ||
| 050 | 0 | 0 |
_aHE1783.I4 _bA55 |
| 110 | 1 |
_aIndia (Republic). _bRailway Inspectorate. |
|
| 245 | 1 | 0 |
_aRailway accidents: _breport on the derailment of 3 up mixed train between Tumba and Banjari on Dehri-Rohtas Light Railway on 21st February, 1949. |
| 260 |
_aDelhi, _bManager of Publications, _c1951. |
||
| 300 |
_a8 p. _c34 cm. |
||
| 500 | _aCover title. | ||
| 650 | 0 |
_aRailroad accidents _zIndia _vCase studies. |
|
| 740 | 0 | _aReport on the derailment of 3 up mixed train between Tumba and Banjari on Dehri-Rohtas Light Railway on 21st February, 1949. | |
| 999 |
_c74221 _d74221 |
||